| 000 | 00499nam a22001817a 4500 | ||
|---|---|---|---|
| 003 | NUST - PNEC | ||
| 005 | 20170116180753.0 | ||
| 008 | 150313b xxu||||| |||| 00| 0 eng d | ||
| 020 | _a0415115094 | ||
| 040 | _cLIBRARY | ||
| 082 | _a363.7 PRI | ||
| 100 |
_91842 _a Thomas Princen |
||
| 245 |
_aEnvironmental NGOs in World Politics _cThomas Princen |
||
| 260 |
_aNew York _bLondon _cC 1994 |
||
| 300 | _a261 . : | ||
| 650 |
_91843 _aEnvironmental NGOs in World Politics _xGernal |
||
| 942 |
_2ddc _cBK |
||
| 999 |
_c62626 _d62626 |
||